Detalles MARC
| 000 -LEADER |
| fixed length control field |
02402nam a2200505Ii 4500 |
| 001 - CONTROL NUMBER |
| control field |
DIGIBE1166 |
| 003 - CONTROL NUMBER IDENTIFIER |
| control field |
NyNyDIG |
| 007 - PHYSICAL DESCRIPTION FIXED FIELD--GENERAL INFORMATION |
| fixed length control field |
cr ||||||||||| |
| 008 - FIXED-LENGTH DATA ELEMENTS--GENERAL INFORMATION |
| fixed length control field |
220713s2022 sp a ob 001 0 spa d |
| 006 - FIXED-LENGTH DATA ELEMENTS--ADDITIONAL MATERIAL CHARACTERISTICS |
| fixed length control field |
m o d |
| 035 ## - SYSTEM CONTROL NUMBER |
| System control number |
(OCoLC)1315652345 |
| 040 ## - CATALOGING SOURCE |
| Original cataloging agency |
DGITA |
| Language of cataloging |
eng |
| Description conventions |
rda |
| -- |
pn |
| Transcribing agency |
DGITA |
| 020 ## - INTERNATIONAL STANDARD BOOK NUMBER |
| International Standard Book Number |
9783968692852 |
| Qualifying information |
eBook |
| -- |
pdf |
| 020 ## - INTERNATIONAL STANDARD BOOK NUMBER |
| Canceled/invalid ISBN |
9788491922766 |
| Qualifying information |
Iberoamericana |
| 020 ## - INTERNATIONAL STANDARD BOOK NUMBER |
| Canceled/invalid ISBN |
9783968692845 |
| Qualifying information |
Vervuert |
| 043 ## - GEOGRAPHIC AREA CODE |
| Geographic area code |
e-it--- |
| -- |
e-fr--- |
| 050 14 - LIBRARY OF CONGRESS CALL NUMBER |
| Classification number |
PQ6431.S625 ebook |
| 100 1# - MAIN ENTRY--PERSONAL NAME |
| Personal name |
Gómez Canseco, Luis María, |
| Dates associated with a name |
1963- |
| Relator term |
author. |
| 245 10 - TITLE STATEMENT |
| Title |
Epopeyas de una guerra olvidada / |
| Statement of responsibility, etc. |
Luis Gómez Canseco. |
| 264 #1 - PRODUCTION, PUBLICATION, DISTRIBUTION, MANUFACTURE, AND COPYRIGHT NOTICE |
| Place of production, publication, distribution, manufacture |
Madrid : |
| Name of producer, publisher, distributor, manufacturer |
Iberoamericana ; |
| Place of production, publication, distribution, manufacture |
Frankfurt : |
| Name of producer, publisher, distributor, manufacturer |
Vervuert, |
| Date of production, publication, distribution, manufacture, or copyright notice |
2022. |
| 300 ## - PHYSICAL DESCRIPTION |
| Extent |
1 online resource : |
| Other physical details |
illustrations. |
| 336 ## - CONTENT TYPE |
| Content type term |
text |
| Content type code |
txt |
| Source |
rdacontent |
| 337 ## - MEDIA TYPE |
| Media type term |
computer |
| Media type code |
c |
| Source |
rdamedia |
| 338 ## - CARRIER TYPE |
| Carrier type term |
online resource |
| Carrier type code |
cr |
| Source |
rdacarrier |
| 347 ## - DIGITAL FILE CHARACTERISTICS |
| File type |
text file |
| Source |
rdaft |
| 347 ## - DIGITAL FILE CHARACTERISTICS |
| Encoding format |
PDF |
| 490 1# - SERIES STATEMENT |
| Series statement |
Clásicos Hispánicos. |
| -- |
Nueva época ; |
| Volume/sequential designation |
no. 28 |
| 504 ## - BIBLIOGRAPHY, ETC. NOTE |
| Bibliography, etc. note |
Includes bibliographical references and index. |
| 505 0# - FORMATTED CONTENTS NOTE |
| Formatted contents note |
Relación de la empresa de Briquerás / Diego Sánchez -- Primera parte del valeroso Zaide / Fray Francisco de Hermosilla. |
| 588 0# - SOURCE OF DESCRIPTION NOTE |
| Source of description note |
Online resource; title from PDF title page (Digitalia, viewed July 13, 2022) |
| 600 10 - SUBJECT ADDED ENTRY--PERSONAL NAME |
| Personal name |
Charles Emmanuel |
| Numeration |
I, |
| Titles and other words associated with a name |
Duke of Savoy, |
| Dates associated with a name |
1562-1630 |
| Form subdivision |
Poetry. |
| 651 #0 - SUBJECT ADDED ENTRY--GEOGRAPHIC NAME |
| Geographic name |
Piedmont (Italy) |
| General subdivision |
History |
| Chronological subdivision |
16th century |
| Form subdivision |
Poetry. |
| 651 #0 - SUBJECT ADDED ENTRY--GEOGRAPHIC NAME |
| Geographic name |
Savoy (France and Italy) |
| General subdivision |
History |
| Chronological subdivision |
16th century |
| Form subdivision |
Poetry. |
| 650 #0 - SUBJECT ADDED ENTRY--TOPICAL TERM |
| Topical term or geographic name entry element |
Epic poetry, Spanish |
| General subdivision |
History and criticism. |
| 655 #0 - INDEX TERM--GENRE/FORM |
| Genre/form data or focus term |
Electronic books. |
| 700 12 - ADDED ENTRY--PERSONAL NAME |
| Relationship information |
Container of (work): |
| Personal name |
Sánchez, Diego, |
| Dates associated with a name |
active 1595. |
| Title of a work |
Relación de la empresa de Biquerías. |
| 700 12 - ADDED ENTRY--PERSONAL NAME |
| Relationship information |
Container of (work): |
| Personal name |
Hermosilla, Francisco de, |
| Dates associated with a name |
active 1596. |
| Title of a work |
Primera parte del valeroso Zaide. |
| 791 2# - |
| -- |
Digitalia (Firm), |
| -- |
distributor. |
| 793 0# - |
| -- |
Digitalia eBook Collection: |
| -- |
Iberoamericana. |
| 776 08 - ADDITIONAL PHYSICAL FORM ENTRY |
| Relationship information |
Print version: |
| Main entry heading |
Gómez Canseco, Luis María,1963- |
| Title |
Epopeyas de una guerra olvidada. |
| Place, publisher, and date of publication |
Madrid : Iberoamericana ; Frankfurt : Vervuert, 2022 |
| International Standard Book Number |
9788491922766 |
| 830 #0 - SERIES ADDED ENTRY--UNIFORM TITLE |
| Uniform title |
Clásicos hispánicos (Instituto de Lengua, Literatura, y Antropología (Consejo Superior de Investigaciones Científicas (Spain))) ; |
| Volume/sequential designation |
nueva época, no. 28. |
| 856 40 - ELECTRONIC LOCATION AND ACCESS |
| Materials specified |
Digitalia Hispánica |
| Uniform Resource Identifier |
<a href="https://www.digitaliapublishing.com/a/112720/">https://www.digitaliapublishing.com/a/112720/</a> |
| 910 ## - USER-OPTION DATA (OCLC) |
| User-option data |
Premium collection: 2022 |
| 942 ## - ADDED ENTRY ELEMENTS (KOHA) |
| Koha item type |
Recurso Electrónico |